Statistics for Born in Liège

Click here to take the quiz!

General Stats

  • This quiz has been taken 10 times
    (4 since last reset)
  • The average score is 6 of 10

Answer Stats

HintAnswer% Correct
Tennis player, first Belgian male to reach the ATP Top 101990David Goffin
100%
Footballer who plays for Rennes and the Belgian national team2000Arthur Theate
75%
Footballer who plays for Atlético Madrid and the Belgian national team1989Axel Witsel
75%
former Tennis player and winner of 7 Grand Slams1982Justine Henin
75%
Former footballer who played for Everton, Olympiacos and the Belgian national team1987Kevin Mirallas
75%
Footballer who plays for Lens and the Belgian national team2000Lois Openda
75%
Writer, known as the creator of the detective Jules Maigret1903Georges Simenon
50%
Footballer who plays for Westerlo and formerly played for the Belgian national team and Tottenham1989Nacer Chadli
50%
Actress, "The Child" "The First Day of the Rest of Your Life"1987Déborah Francois
0%
Founder of the Compagnie Internationale des Wagons-Lits, the company known for the Orient Express1845Georges Nagelmackers
0%

Score Distribution

Percentile by Number Answered

Percent of People with Each Score

Your Score History

You have not taken this quiz since the last reset